[Event "CRO-ch"]
[Site "Rijeka"]
[Date "2009.01.25"]
[Round "8"]
[White "Hulak, Krunoslav"]
[Black "Saric, Ivan"]
[Result "0-1"]
[WhiteElo "2532"]
[BlackElo "2566"]
[PlyCount "124"]
[EventDate "2009.01.17"]
[EventType "tourn"]
[EventRounds "11"]
[EventCountry "CRO"]
[EventCategory "13"]
[SourceTitle "CBM 128 Extra"]
[Source "ChessBase"]
[SourceDate "2009.03.05"]
[SourceVersion "2"]
[SourceVersionDate "2009.03.25"]
[SourceQuality "1"]

1. d4 Nf6 2. c4 g6 3. g3 Bg7 4. Bg2 d5 5. Nf3 dxc4 6. Na3 0-0 7. 0-0 Nc6 8. Nxc4 Be6 9. b3 a5 10. a4 Bd5 11. e3 Qc8 12. Ba3 Rd8 13. Rc1 Qe6 14. Qe2 h6 15. Rfd1 Rab8 16. Nfe5 Bxg2 17. Kxg2 Nxe5 18. Nxe5 c6 19. Nd3 Ne4 20. Qc2 g5 21. Nc5 Nxc5 22. Bxc5 f5 23. Bb6 Rd5 24. f3 g4 25. fxg4 Qxe3 26. gxf5 Rf8 27. Rf1 Bxd4 28. Rce1 Qg5 29. h4 Qg7 30. Re6 Bf6 31. Rf4 Kh8 32. Bf2 Rfd8 33. Re2 Rd3 34. Qc4 Rc3 35. Qe6 Rd6 36. Qc8+ Kh7 37. Kh3 Rd1 38. Re1 Rxe1 39. Bxe1 Rxb3 40. Qe6 Qg8 41. Re4 Qxe6 42. Rxe6 h5 43. Bxa5 Kg7 44. Bc7 Kf7 45. Re4 c5 46. Kg2 Rb4 47. Kf3 c4 48. a5 Rb3+ 49. Kf4 c3 50. Rc4 Rb1 51. Ke4 Re1+ 52. Kd3 Rd1+ 53. Kc2 Rd2+ 54. Kc1 Rb2 55. Bb6 Bg7 56. Be3 Rb5 57. Rc7 Be5 58. Rc5 Rxc5 59. Bxc5 Bxg3 60. Bd4 Bxh4 61. Bxc3 Bf6 62. Bd2 Be5 0-1

[Event "CRO-ch"]
[Site "Rijeka"]
[Date "2009.01.21"]
[Round "5"]
[White "Palac, Mladen"]
[Black "Hulak, Krunoslav"]
[Result "1/2-1/2"]
[WhiteElo "2553"]
[BlackElo "2532"]
[PlyCount "23"]
[EventDate "2009.01.17"]
[EventType "tourn"]
[EventRounds "11"]
[EventCountry "CRO"]
[EventCategory "13"]
[SourceTitle "CBM 128 Extra"]
[Source "ChessBase"]
[SourceDate "2009.03.05"]
[SourceVersion "2"]
[SourceVersionDate "2009.03.25"]
[SourceQuality "1"]

1. e4 c5 2. Nf3 e6 3. d4 cxd4 4. Nxd4 Nf6 5. Nc3 d6 6. g3 Nc6 7. Bg2 Bd7 8. 0-0 Be7 9. Be3 0-0 10. Qe2 Qc7 11. Rad1 a6 12. f4 1/2-1/2

[Event "CRO-ch"]
[Site "Rijeka"]
[Date "2009.01.19"]
[Round "3"]
[White "Lalic, Bogdan"]
[Black "Hulak, Krunoslav"]
[Result "1/2-1/2"]
[WhiteElo "2538"]
[BlackElo "2532"]
[PlyCount "25"]
[EventDate "2009.01.17"]
[EventType "tourn"]
[EventRounds "11"]
[EventCountry "CRO"]
[EventCategory "13"]
[SourceTitle "CBM 128 Extra"]
[Source "ChessBase"]
[SourceDate "2009.03.05"]
[SourceVersion "2"]
[SourceVersionDate "2009.03.25"]
[SourceQuality "1"]

1. d4 Nf6 2. c4 e6 3. Nc3 Bb4 4. Qc2 c5 5. dxc5 Qc7 6. Nf3 a6 7. g3 Bxc5 8. Bg2 Be7 9. Bf4 d6 10. Rc1 Nbd7 11. b3 b6 12. 0-0 Bb7 13. Rfd1 1/2-1/2